Statistiques concernant Les plus grandes villes traversees par L'Elbre

Cliquez ici pour prendre le quiz!

Statistiques générales

  • Ce quiz a été pris 7 fois
  • Le résultat moyen est 2 sur 5

Statistiques - réponses

PopulationVilles% Correct
666,880Saragosse
100%
35,593Tudela
43%
151,113Logrono
29%
35,477Miranda de Ebro
29%
33,510Tortosa
29%

Distribution des résultats

Percentile par nombre de réponses

% des personnes avec chaque résultat

Votre développement - résultats

Vous n’avez pas pris ce quiz